000 06561namaa22004451i 4500
003 EG-GICUC
005 20260501200419.0
008 260501s2022 ua a|||frm||| 000 0 eng d
040 _aEG-GICUC
_beng
_cEG-GICUC
_dEG-GICUC
_erda
041 0 _aeng
_beng
_bara
049 _aDeposit
082 0 4 _a560
092 _a560
_221
097 _aPh.D
099 _aCai01.07.14.Ph.D.2022.DI.S
100 0 _aDiaa ElDin Mohamed Yousef Ahmed,
_epreparation.
245 1 0 _aStudies on the effect of cross pollination by honeybee apis mellifera l., on improving seed production in some vegetable crops /
_cby Diaa ElDin Mohamed Yousef Ahmed ; Supervisors Mohamed Mohamed Shaheen ,Hassan Ali Hassan,Yasser Essam Elenany
246 1 5 _aدراسات على تأثير التلقيح الخلطي بنحل العسل علي تحسين إنتاج التقاوي في بعض محاصيل الخضر
264 0 _c2022.
300 _a69 pages :
_billustrations ;
_c25 cm. +
_eCD.
336 _atext
_2rda content
337 _aUnmediated
_2rdamedia
338 _avolume
_2rdacarrier
502 _aThesis (Ph.D)-Cairo University, 2022.
504 _aBibliography: pages 66-69.
520 3 _aThe aim of this research is to study two factors effecting quality and efficiency of seed production in summer squash crop. 1st factor was the distance between the apiary ”honey bee colonies” and the cultivated field and 2nd factor was fruit thinning treatments. This research was conducted over two consecutive seasons 2013 and 2014 in both the apiary of the Faculty of Agriculture in Giza and Experimental Research Station - Faculty of Agriculture in Saft al-Laban. The distance between the apiary and the cultivated field was less than 100 meters in the first case, ”at the apiary of Faculty of Agriculture”, and the distance between the apiary and the cultivated field was greater than 1500 meters in the case of cultivation in the experimental research station, each area contained 3 treatments to fruit thinning 0T ” without thinning” , 2T ” thinning twice” and 4T thinning four times The most important results obtained were as follows: The treatment of the cultivated field near the apiary (less than 100 meters) gave the higher results in both measurements of mature fruits, average mature of fruit weight, average of both mature fruit length, mature fruit diameter, number of mature fruits per plant and average of total mature fruit weight per plant, in both seasons. The results were significantly different. Also, in the case of studying the seed yield, the area sown near the apiary gave higher results in terms of quantity and quality of the seed crop, the average number of seeds per fruit, weight of seeds per fruit, number of seeds per fruit, weight of fruits per plant, and weight of 100 seeds, The average percentage of germination in seeds and the average total yield of seeds per fadan. With regard to the measurements of thinning treatments, whereas, the treatment 0T was the best, followed by 2T, and then 4T, but there were no significant differences between the transactions in many cases. from the previous results, It conclude that when planting squash for the purpose of producing seeds, in order to obtain the best seed crop in terms of quantity and quality, beehives must be abundant and close to the cultivated field to ensure the best pollination and to ensure the best seed yield, In addition to avoid excessive thinning treatments of the fruits
520 3 _aيهدف هذا البحث إلى دراسة تأثير المسافة بين المنحل ”خلايا نحل العسل” والحقل المزروع لإنتاج بذور نبات الكوسة وكذلك معاملات خف الثمار وقياس تأثير ذلك على إنتاجية البذور. تم إجراء هذا البحث على مدى موسمين متتاليين 2013 و2014 في كل من منحل كلية الزراعة بالجيزة ومحطة البحوث والتجارب - كلية الزراعة بصفط اللبن. وكانت المعاملات كالتالي:1- المسافة بين المنحل والحقل المزروع أقل من 100 متر ”بمنحل كلية الزراعة” والمسافة بين المنحل والحقل المزروع أكبر من 1500 متر في حالة الزراعة في محطة البحوث والتجارب.2- عدد 3 معاملات خف للثمار (بدون خف – خف مرتين للثمار- خف 4 مرات للثمار)كانت أهم النتائج التي تم الحصول عليها كما يلي:أعطت معاملة الحقل المزروع بالقرب من المنحل (أقل من 100 متر) نتائج أعلى في كلا من متوسطات قياسات الثمار الناضجة من حيث، وزن الثمرة ،طول الثمرة ، قطر الثمرة، متوسط عدد الثمار لكل نبات. ومتوسط الوزن الكلي للثمار الناضجة للنبات في كلا الموسمين. كانت النتائج مختلفة بشكل كبير. أيضا في حالة دراسة محصول البذور، أعطت المنطقة المزروعة بالقرب من المنحل نتائج أعلى من حيث كمية ونوعية محصول البذور، ومتوسط عدد البذور لكل ثمرة، ومتوسط وزن البذور لكل ثمرة، ومتوسط عدد البذور. لكل ثمرة، متوسط وزن الثمرة للنبات، متوسط وزن 100 بذرة، متوسط نسبة الإنبات في البذور، ومتوسط إنتاج البذور الكلي للفدان. وفيما يتعلق بمعاملات خف الثمار فقد كانت النتائج متقاربه في معاملات بدون خف والخف مرتين بشكل افضل عن معاملات الخف 4 مرات.
530 _aIssues also as CD.
546 _aText in English and abstract in Arabic & English.
650 0 _avegetable
650 0 _aالخضروات
653 1 _across pollination
_aapiary distance
_asummer squash (Cucurbita pepo L.)
700 0 _aMohamed Mohamed Shaheen
_ethesis advisor.
700 0 _aHassan Ali Hassan
_ethesis advisor.
700 0 _aYasser Essam Elenany
_ethesis advisor.
900 _b01-01-2022
_cMohamed Mohamed Shaheen
_cHassan Ali Hassan
_cYasser Essam Elenany
_UCairo University
_FFaculty of Agriculture
_DDepartment of Agricultural Sciences (Vegetable Crops).
905 _aShimaa
942 _2ddc
_cTH
_e21
_n0
999 _c179882